=LDR 00000nam 2200000 4500 =001 INLIS000000000015843 =005 20200528082201 =035 ##$$a 0010-061300000015843 =008 200528################g##########0#ind## =041 ##$$a Ind =082 ##$$a 2x0 =090 ##$$a 2x0, Qor d =100 ##$$a Qordhowi, Yusuf =245 1#$$a Dimana kerusakan umat islam /$c DR. Yusuf Qordhowi ; penerjemah: H. Salim Basyarahil =260 ##$$a Jakarta :$b Gema Insani,$c 1993 =300 ##$$a 110 hlm ; $c 17 x 12 cm =650 #4$$a Islam =850 ##$$a NBPNMAT =020 ##$$a 979-561-040-6 =084 ##$$a 2x0 QOR d =990 ##$$a 94.697/pro96 =990 ##$$a 94.699/pro96 =990 ##$$a 94.697/pro96 =990 ##$$a 94.699/pro96